000 00576nam a2200217Ia 4500
001 2918
003 GE_BSU
008 181216s||||||||xx |||||||||||||| ||und||
040 _cGE_BSU
080 _a628.1(075.8)
100 _aАбрамов, Н.Н.
245 _aВодоснабжение.
245 _bУчебник для вузов.
250 _aИзд 2-ое, перераб. и доп.
260 _aМ.
260 _bСтройиздат.
260 _c1974.
300 _a480стр. с илл. 26см.
653 _aВодоснабжение.
942 _cBK
999 _c36966
_d36966